LEADER 01133nam a2200253 a 4500 001 000000024888 003 CaOOAMICUS 005 20110928105420.0 008 950627s1936 it u000 u ita r 035 $a10634137 040 $aPUL(R)$bita 245 00$aGiovanni Rusbrock (1293-1381) /$cArnaldo Cervesato. 260 $aTorino [etc.] :$bSocietà editrice internazionale,$c1936. 300 $a262 p. ;$c19 cm 490 1 $aPagine cristiane antiche e moderne ;$v23 500 $aSul front.: con prefazione, introduzione e traduzione. 600 14$aRuusbroec, Jan van,$d1293-1381.$0(OLS)http://pul/subject/13751 830 0$aPagine cristiane antiche e moderne ;$v23.$0(OLS)http://pul/title/29093 850 $aPUL 852 $aPUL$W1$xDP1 Fondo Maccarrone$y58$m1511 D 18$j146066$qFondi$B144760$CPULBib$Z2$F144760 $82 852 $aPUL$W1$xDP1 Fondo Cecchetti$y53$m260 J 73$j194504$nBK-PRI$b $qFondi$B34804$CPULBib$Z2$F34804 $81 941 1 $a1 996 $6245$aGiovanni Rusbrock (1293-1381)$9(OLS)http://pul/title/34349 996 $6260$aTorino [etc.] :$bSocietà editrice internazionale$9(OLS)http://pul/publisher/52031 LEADER 01182nam a2200289 u 4500 001 000000057548 003 CaOOAMICUS 005 20070226120608.0 008 010511s1965 it u000 u ita u 035 $a10888312 040 $aPUL(R)$bita 041 1 $aita$hger 100 1 $aWiechert, Ernst,$c1887-1950.$0(OLS)http://pul/name/40146 240 10$aRede an die deutsche Jugend 1945.$lItaliano.$0(OLS)http://pul/title/77054 245 10$aDiscorso alla gioventù tedesca 1945 /$cErnst Wiechert. 260 $aRoma :$bAVE,$c1965. 300 $a65 p. ;$c18 cm 490 1 $aA.V.E. Minima ;$v14 500 $aInclude cenni biografici: p. 61-62. 650 4$aGiovani.$0(OLS)http://pul/subject/10127 651 4$aGermania$xPolitica e governo$ySec. XX.$0(OLS)http://pul/subject/8131 830 0$aMinima (A.V.E.).$0(OLS)http://pul/title/9083 850 $aPUL 852 $aPUL$W1$xDP1 Altre Collocazioni$y17$mSenza collocazione$j12$nBK-PRI$b $qStampati$B75257$CPULBib$Z2$F75257 $H $81 941 1 $a8 996 $6245$aDiscorso alla gioventù tedesca 1945$9(OLS)http://pul/title/77055 996 $6260$aRoma :$bAVE$9(OLS)http://pul/publisher/47909